Logique - Mort Subite #1 - Statistiques

Statistiques générales
  • Ce quiz a été pris 1 553 fois
  • Le résultat moyen est 3 sur 18
Answers on the Grid
Answers color-coded by a green-red scale on the quiz's grid according to % correct below.
Marécage
Yucatan
Abasourdi
Poulailler
Oreille
Horizon
Titanesque
Reine
Nicotine
Jonquille
Branquignole
Ukraine
Equinoxe
Sangria
Xylophone
Institut
Brillance
Trouille
Klaxon
Flocon
Scandale
Urgence
Mortadelle
Chlore
Wallonie
Estragon
Louange
Romarin
Orage
Zèbre
Irlande
Gaga
 
Statistiques - réponses
Réponse % Correct
Irlande
23%
Ukraine
23%
Oreille
22%
Orage
20%
Romarin
19%
Estragon
17%
Mortadelle
16%
Urgence
16%
Marécage
15%
Reine
15%
Trouille
15%
Brillance
14%
Equinoxe
14%
Institut
14%
Scandale
14%
Branquignole
13%
Sangria
13%
Titanesque
12%
Aucun quiz correspondant
Distribution des résultats
% des personnes avec chaque résultat
Percentile par nombre de réponses
Votre historique - résultats
Vous n’avez pas pris ce quiz